<?xml version="1.0" encoding="UTF-8"?>
<record
    xmlns:xsi="http://www.w3.org/2001/XMLSchema-instance"
    xsi:schemaLocation="http://www.loc.gov/MARC21/slim http://www.loc.gov/standards/marcxml/schema/MARC21slim.xsd"
    xmlns="http://www.loc.gov/MARC21/slim">

  <leader>02484nam a22003497a 4500</leader>
  <controlfield tag="001">1318</controlfield>
  <controlfield tag="005">20230815143812.0</controlfield>
  <controlfield tag="008">230815b        cb ||||| |||| 00| 0 khr d</controlfield>
  <datafield tag="020" ind1=" " ind2=" ">
    <subfield code="a">9789924341703</subfield>
  </datafield>
  <datafield tag="040" ind1=" " ind2=" ">
    <subfield code="a">FISKH </subfield>
    <subfield code="b">eng</subfield>
    <subfield code="c">FISKH </subfield>
    <subfield code="d">FISKH </subfield>
  </datafield>
  <datafield tag="082" ind1=" " ind2=" ">
    <subfield code="a">333.952</subfield>
  </datafield>
  <datafield tag="100" ind1=" " ind2=" ">
    <subfield code="a">Recamier, Francoise</subfield>
  </datafield>
  <datafield tag="245" ind1=" " ind2=" ">
    <subfield code="a">&#x1787;&#x17B8;&#x179C;&#x17C8;&#x1785;&#x1798;&#x17D2;&#x179A;&#x17BB;&#x17C7;&#x1793;&#x17C5;&#x178F;&#x17C6;&#x1794;&#x1793;&#x17CB;&#x1787;&#x17BD;&#x179A;&#x1797;&#x17D2;&#x1793;&#x17C6;&#x1780;&#x17D2;&#x179A;&#x179C;&#x17B6;&#x1789; / </subfield>
    <subfield code="c">&#x1793;&#x17B7;&#x1796;&#x1793;&#x17D2;&#x1792;&#x178A;&#x17C4;&#x1799; Francoise Recamier, Nathalie Tordjman &#x1793;&#x17B7;&#x1784; &#x17A1;&#x17B6;&#x1785; &#x179A;&#x178F;&#x1793;&#x17B6; </subfield>
  </datafield>
  <datafield tag="260" ind1=" " ind2=" ">
    <subfield code="a">Phnom Penh : </subfield>
    <subfield code="b">Sipar, </subfield>
    <subfield code="c">2023. </subfield>
  </datafield>
  <datafield tag="300" ind1=" " ind2=" ">
    <subfield code="a">35 pages : </subfield>
    <subfield code="b">maps ; color illustrations ; </subfield>
    <subfield code="c">25 cm </subfield>
  </datafield>
  <datafield tag="490" ind1=" " ind2=" ">
    <subfield code="a">&#x179F;&#x17D2;&#x179C;&#x17C2;&#x1784;&#x1799;&#x179B;&#x17CB;&#x1796;&#x17B8; </subfield>
  </datafield>
  <datafield tag="505" ind1=" " ind2=" ">
    <subfield code="a">Z </subfield>
  </datafield>
  <datafield tag="520" ind1=" " ind2=" ">
    <subfield code="a">&#x1787;&#x17BD;&#x179A;&#x1797;&#x17D2;&#x1793;&#x17C6;&#x1780;&#x17D2;&#x179A;&#x179C;&#x17B6;&#x1789;&#x1782;&#x17D2;&#x179A;&#x1794;&#x178A;&#x178E;&#x17D2;&#x178A;&#x1794;&#x17CB;&#x178A;&#x17C4;&#x1799;&#x1796;&#x17D2;&#x179A;&#x17C3;&#x178A;&#x17C2;&#x179B;&#x1798;&#x17B6;&#x1793;&#x1792;&#x1793;&#x1792;&#x17B6;&#x1793;&#x1799;&#x17C9;&#x17B6;&#x1784;&#x179F;&#x1798;&#x17D2;&#x1794;&#x17BC;&#x179A;&#x1794;&#x17C2;&#x1794; &#x1796;&#x17D2;&#x179A;&#x17C4;&#x17C7;&#x179C;&#x17B6;&#x1787;&#x17B6;&#x1787;&#x1798;&#x17D2;&#x179A;&#x1780;&#x179A;&#x1794;&#x179F;&#x17CB;&#x1796;&#x1796;&#x17BD;&#x1780;&#x179A;&#x1780;&#x17D2;&#x1781;&#x1787;&#x17B6;&#x178F;&#x17B7; &#x1793;&#x17B7;&#x1784;&#x179F;&#x178F;&#x17D2;&#x179C;&#x1780;&#x1798;&#x17D2;&#x179A;&#x1787;&#x17B6;&#x1785;&#x17D2;&#x179A;&#x17BE;&#x1793;&#x1794;&#x17D2;&#x179A;&#x1797;&#x17C1;&#x1791; &#x1796;&#x17D2;&#x179A;&#x1798;&#x1791;&#x17B6;&#x17C6;&#x1784;&#x1798;&#x17B6;&#x1793;&#x1791;&#x17B9;&#x1780;&#x1787;&#x17D2;&#x179A;&#x17C4;&#x17C7;&#x179F;&#x1798;&#x17D2;&#x179A;&#x17B6;&#x1794;&#x17CB;&#x1791;&#x17B6;&#x1780;&#x17CB;&#x1791;&#x17B6;&#x1789;&#x1797;&#x17D2;&#x1789;&#x17C0;&#x179C;&#x1791;&#x17C1;&#x179F;&#x1785;&#x179A;&#x178E;&#x17CD;&#x17B3;&#x17D2;&#x1799;&#x1798;&#x1780;&#x1780;&#x1798;&#x17D2;&#x179F;&#x17B6;&#x1793;&#x17D2;&#x178F;&#x1791;&#x17C0;&#x178F;&#x1795;&#x1784;&#x17D4; &#x178F;&#x17C6;&#x1794;&#x1793;&#x17CB;&#x17A2;&#x1797;&#x17B7;&#x179A;&#x1780;&#x17D2;&#x179F;&#x1787;&#x17B6;&#x1785;&#x17D2;&#x179A;&#x17BE;&#x1793;&#x178F;&#x17D2;&#x179A;&#x17BC;&#x179C;&#x1794;&#x17B6;&#x1793;&#x1794;&#x1784;&#x17D2;&#x1780;&#x17BE;&#x178F;&#x17A1;&#x17BE;&#x1784;&#x1780;&#x17D2;&#x1793;&#x17BB;&#x1784;&#x178F;&#x17C6;&#x1794;&#x1793;&#x17CB;&#x1793;&#x17C1;&#x17C7; &#x178A;&#x17BE;&#x1798;&#x17D2;&#x1794;&#x17B8;&#x1780;&#x17B6;&#x179A;&#x1796;&#x17B6;&#x179A; &#x179F;&#x1784;&#x17D2;&#x1782;&#x17D2;&#x179A;&#x17C4;&#x17C7;&#x179F;&#x178F;&#x17D2;&#x179C; &#x1793;&#x17B7;&#x1784;&#x179A;&#x17BB;&#x1780;&#x17D2;&#x1781;&#x1787;&#x17B6;&#x178F;&#x17B7;&#x17D4;</subfield>
  </datafield>
  <datafield tag="520" ind1=" " ind2=" ">
    <subfield code="a">The Cardamom Mountains are covered with forests that are rich in resources because they are home to many species of animals and rare species, as well as waterfalls to attract tourists to visit. Many conservation areas have been established in the area to protect wildlife.</subfield>
  </datafield>
  <datafield tag="521" ind1=" " ind2=" ">
    <subfield code="a">890 
</subfield>
    <subfield code="b">Lexile estimate 
</subfield>
  </datafield>
  <datafield tag="521" ind1=" " ind2=" ">
    <subfield code="a">Z 
</subfield>
    <subfield code="b">Raz-Plus 
</subfield>
  </datafield>
  <datafield tag="650" ind1=" " ind2=" ">
    <subfield code="a">&#x1787;&#x17BD;&#x179A;&#x1797;&#x17D2;&#x1793;&#x17C6;&#x1780;&#x17D2;&#x179A;&#x179C;&#x17B6;&#x1789; </subfield>
    <subfield code="v">&#x1792;&#x1793;&#x1792;&#x17B6;&#x1793; </subfield>
    <subfield code="x">&#x179A;&#x17BB;&#x1780;&#x17D2;&#x1781;&#x1787;&#x17B6;&#x178F;&#x17B7; </subfield>
    <subfield code="y">&#x1780;&#x17B6;&#x179A;&#x1796;&#x17B6;&#x179A;</subfield>
  </datafield>
  <datafield tag="650" ind1=" " ind2=" ">
    <subfield code="a">Cardamom Mountains</subfield>
    <subfield code="v">resource</subfield>
    <subfield code="x">species</subfield>
    <subfield code="y">protect</subfield>
  </datafield>
  <datafield tag="700" ind1=" " ind2=" ">
    <subfield code="a">Tordjman, Nathalie</subfield>
    <subfield code="c">Author </subfield>
  </datafield>
  <datafield tag="700" ind1=" " ind2=" ">
    <subfield code="a">Rathna, Larg </subfield>
    <subfield code="c">Author</subfield>
  </datafield>
  <datafield tag="700" ind1=" " ind2=" ">
    <subfield code="a">Channeng, Pat </subfield>
    <subfield code="b">a map page 6 </subfield>
    <subfield code="c">illustrator </subfield>
  </datafield>
  <datafield tag="700" ind1=" " ind2=" ">
    <subfield code="a">Sokpheng, Meng </subfield>
    <subfield code="b">a map page 12 &amp; 28 </subfield>
    <subfield code="c">illustrator </subfield>
  </datafield>
  <datafield tag="700" ind1=" " ind2=" ">
    <subfield code="a">Visoth, Seng </subfield>
    <subfield code="b">Picture page 10,11, 20,21, 26,27, 31,33</subfield>
    <subfield code="c">illustrator </subfield>
  </datafield>
  <datafield tag="700" ind1=" " ind2=" ">
    <subfield code="a">Visal, Seng </subfield>
    <subfield code="b">Cover page 8,9 ; 16,17,18,19 </subfield>
    <subfield code="c">illustrator </subfield>
  </datafield>
  <datafield tag="700" ind1=" " ind2=" ">
    <subfield code="a">Rotha, Ouk</subfield>
    <subfield code="b">Picture page 30 </subfield>
    <subfield code="c">illustrator </subfield>
  </datafield>
  <datafield tag="942" ind1=" " ind2=" ">
    <subfield code="2">ddc</subfield>
    <subfield code="c">BK</subfield>
    <subfield code="n">0</subfield>
  </datafield>
  <datafield tag="999" ind1=" " ind2=" ">
    <subfield code="c">1318</subfield>
    <subfield code="d">1318</subfield>
  </datafield>
  <datafield tag="952" ind1=" " ind2=" ">
    <subfield code="0">0</subfield>
    <subfield code="1">0</subfield>
    <subfield code="2">ddc</subfield>
    <subfield code="4">0</subfield>
    <subfield code="7">0</subfield>
    <subfield code="8">KH</subfield>
    <subfield code="a">001</subfield>
    <subfield code="b">001</subfield>
    <subfield code="c">KHRS</subfield>
    <subfield code="d">2023-08-15</subfield>
    <subfield code="l">0</subfield>
    <subfield code="o">REC 333.952</subfield>
    <subfield code="p">2023-0265</subfield>
    <subfield code="r">2023-08-15 11:20:43</subfield>
    <subfield code="t">1</subfield>
    <subfield code="w">2023-08-15</subfield>
    <subfield code="y">BK</subfield>
  </datafield>
  <datafield tag="952" ind1=" " ind2=" ">
    <subfield code="0">0</subfield>
    <subfield code="1">0</subfield>
    <subfield code="2">ddc</subfield>
    <subfield code="4">0</subfield>
    <subfield code="7">0</subfield>
    <subfield code="8">KH</subfield>
    <subfield code="a">001</subfield>
    <subfield code="b">001</subfield>
    <subfield code="c">KHRS</subfield>
    <subfield code="d">2023-08-15</subfield>
    <subfield code="l">1</subfield>
    <subfield code="o">REC 333.952</subfield>
    <subfield code="p">2023-0266</subfield>
    <subfield code="r">2025-06-09 14:20:25</subfield>
    <subfield code="s">2024-12-03</subfield>
    <subfield code="t">2</subfield>
    <subfield code="w">2023-08-15</subfield>
    <subfield code="y">BK</subfield>
  </datafield>
</record>
